| 000 | 00996cam a2200289 i 4500 | ||
|---|---|---|---|
| 001 | 3433465 | ||
| 003 | EG-ScBUE | ||
| 005 | 20260119095301.0 | ||
| 008 | 910726s1991 gw a b 001 0 eng | ||
| 020 | _a3540544461 | ||
| 040 |
_aDLC _beng _erda _cDLC _dDLC _dEG-ScBUE |
||
| 082 | 0 | 4 |
_a551.5 _222 _bZEY |
| 100 | 1 |
_aZeytounian, R. Kh. _q(Radyadour Kh.), _d1928- _eauthor. _97263 |
|
| 245 | 1 | 0 |
_aMeteorological fluid dynamics : _basymptotic modelling, stability, and chaotic atmospheric motion / _cR. K. Zeytounian. |
| 264 | 1 |
_aBerlin ; _aNew York : _bSpringer-Verlag, _c[1991] |
|
| 264 | 4 | _cc1991 | |
| 300 |
_axi, 346 pages : _billustrations ; _c25 cm. |
||
| 336 |
_2rdacontent _atext _btxt |
||
| 337 |
_aunmediated _2rdamedia _bn |
||
| 338 |
_avolume _bnc _2rdacarrier |
||
| 490 | 0 | _aMonographs | |
| 504 | _aIncludes bibliographical references and indexes. | ||
| 650 | 7 |
_aFluid dynamics. _2BUEsh _97265 |
|
| 650 | 7 |
_aAtmospheric physics. _2BUEsh _97266 |
|
| 655 | _vReading book | ||
| 942 |
_2ddc _cBB |
||
| 999 |
_c12125 _d12125 |
||